LEADER 01026nam a2200241 i 4500 001 000000211581 003 CaOOAMICUS 005 20240902143135.0 008 120306s1827 it u000 u ita u 013 $a190394 026 $aelto A.NA mesi gldi (3) 1827 (R) 040 $aSeMil$bita 100 1 $aRomani, Giovanni.$0(OLS)http://semarc/name/3006 245 10$aOpuscoli scelti sulla lingua italiana dell'abate Giovanni Romani di Casalmaggiore. 260 $aMilano :$bGiovanni Silvestri,$c1827. 300 $aXII, 407, [1] p. ;$c8°. 490 0 $aOpere dell'abate Giovanni Romani ;$v8 830 0$aOpere dell'abate Giovanni Romani ;$v8.$0(OLS)http://semarc/title/33544 850 $aSeMil 852 $aSeMil$W1$xVenegono$y1$m1U VI 12 FA$j162021$B162021$CSeMilBibl$Z2$F173360 $8I 996 $6245$aOpuscoli scelti sulla lingua italiana dell'abate Giovanni Romani di Casalmaggiore$9(OLS)http://semarc/title/305618 996 $6260$aMilano :$bGiovanni Silvestri$9(OLS)http://semarc/publisher/31906 LEADER 01226nam a2200265 i 4500 001 000000052437 003 CaOOAMICUS 005 20251023122624.0 008 151022s1790 it u000 u ita u 026 $aheva i.i. n-il Coil (3) 1790 (R) 040 $aSeMil$bita 100 1 $aMalvezzi Bonfioli, Alfonso,$d<1730-1804>.$0(OLS)http://semarc/name/25900 245 10$aElogio di monsignor Lodovico Beccadelli scritto da Alfonso Bonfioli nato Malvezzi prelato. 260 $aBologna :$bA S. Tommaso d'Aquino,$c1790. 300 $a[8], LV, [1] p. ;$c4º. 500 $aSegn.: pg4 a-g4 500 $aIniz. calcogr. 500 $aVignetta calcog. sul front. 600 14$aBeccadelli, Ludovico .$0(OLS)http://semarc/subject/10840 710 2 $aStamperia di S. Tommaso d'Aquino$b.$0(OLS)http://semarc/name/12616 850 $aSeMil 852 $aSeMil$W1$xVenegono$y1$m3J VI 1 FA$j18591$B18591$CSeMilBibl$Z2$F18593 $8I 996 $6245$aElogio di monsignor Lodovico Beccadelli scritto da Alfonso Bonfioli nato Malvezzi prelato$9(OLS)http://semarc/title/80457 996 $6260$aBologna :$bA S. Tommaso d'Aquino$9(OLS)http://semarc/publisher/41464